000
00214nam a22000857a 4500
008
170621b xxu||||| |||| 00| 0 eng d
100
_9
3607
_a
Chitkara. M. G
245
_a
Mother Terasa
260
_a
New Delhi
_b
A. P. H
_c
1998
999
_c
6995
_d
6995